| 000 | 01592cam a2200361 4500 | ||
|---|---|---|---|
| 001 | ABS68442 | ||
| 008 | 041115n2004 000 0 eng u | ||
| 035 | _a(Sirsi) u127953 | ||
| 245 | _aCo-ops special | ||
| 260 | _c2004 | ||
| 490 |
_aInside Housing _v21(44) 5 November 2004, 23-27(5) |
||
| 520 | _aPresents two articles on housing co-operatives. In "Come together" David Blackman reports on the past, present and viable future of housing co-operatives, which currently manage and own about 15 000 properties in England. Co-operative housing has never taken off with the same success in the UK as in other European countries such as Austria and Denmark. Looks at the new models of co-operative housing, which fit well with government goals of community empowerment and tenant participation. In "Poles apart" David Rodgers surveys how Polish housing co-operatives have tackled the transition from communist control to the free market effectively and continue to make a contribution to new housing provision. | ||
| 590 | _aABS | ||
| 590 | _aABS | ||
| 650 | _aAUSTRIA | ||
| 650 | _aDENMARK | ||
| 650 | _aSUSTAINABLE COMMUNITIES | ||
| 650 | _aNEW HOUSING | ||
| 650 | _aLONDON | ||
| 650 | _aWARSAW | ||
| 650 | _aCOMMUNITY LAND TRUSTS | ||
| 650 | _aCOMMUNITY GATEWAYS | ||
| 650 | _aDWELLER CONTROL | ||
| 650 | _aCOMMUNITY EMPOWERMENT | ||
| 650 | _aTENANT PARTICIPATION | ||
| 650 | _aCO-OPERATIVES | ||
| 650 | _aPOLAND | ||
| 650 | _aHOUSING CO-OPERATIVES | ||
| 690 | _aHOUSING-SOCIAL HOUSING | ||
| 700 | _aBlackman, D. | ||
| 710 |
_aRodgers _hD. |
||
| 942 | _n0 | ||
| 999 |
_c118299 _d118299 |
||